00381 a2200157 4500003000500000005001700005022001500022040000900037082001200046100003000058245004800088260003700136300001000173650002000183651002000203Nust20230221101217.0 a9693100778 cNust a297,JAF aJaffri, Syed Raees Ahmed  aNahjul Balagha /cSyed Raees Ahmed Jaffri,  aLahorebGhulam Ali & Sons c1981 a806 p aIslamic History aNahj Ul Balagha